00850nam a22002537a 450000500170000001000130001702000100003003500130004003700160005304000120006908200160008110000290009724500710012626000250019727000670022230000190028950000500030865000210035865000240037970000260040394200250042999900190045495201230047320170124105936.0 aA-542016 c00.00 aA-542016 bCen Lib/Ret aDPLbEN a230.22bDEB aDebroy, Dipavali9141816 aThe Brahmavaivarta purana /cby Debroy Dipavali [and] Bibek Debroy aDelhibBooks For All aC-2/9, 3rd Floor, Community Centre, Ashok ViharbDelhie110052 a72p.c16cm(Hb) aIncludes bibliographical references and index aHinduism9141817 aMahapuranas9141818 aDebroy, Bibek9141819 2ddccENh230.22mDEB c124188d124188 00104070aLbLd2015-06-15eCen Lib/Retg0.00l0o230.22 DEBpA-542016r2015-06-15 00:00:00t1v0.00w2016-09-15yEN